[Event "AUTO-INT-1070"]
[Site "http://www.queenalice.com/game.php?id=477452"]
[Date "2008.10.15"]
[Round "1"]
[White "MataMoscas"]
[Black "italomachado"]
[Result "0-1"]
[WhiteElo "1655"]
[BlackElo "1480"]

1. e4 e5 2. Nf3 d6 3. Bc4 d5 4. exd5 e4 5. Ne5 Qf6 6. Ng4 Qf5 7. d3 h5 8. Ne3
Qf6 9. dxe4 Bc5 10. O-O Qg6 11. e5 Bh3 12. Qf3 Bg4 13. Qf4 Bh3 14. Bd3 f5 15.
Bxf5 Bxf5 16. Nxf5 h4 17. Nxh4 Qh5 18. Be3 g5 19. Qf5 Nh6 20. Qe6+ Be7 21. Qc8+
Bd8 22. g3 gxh4 23. Qxb7 hxg3 24. fxg3 Ng4 25. h4 Nxe3 26. Re1 Qxe5 27. Kf2 Rf8+
28. Ke2 Ng2+ 29. Kd3 Nxe1+ 30. Kc4 Qe2+ 31. Kb3 Qxc2+ 32. Ka3 Rf3+ 33. Nc3 Be7+
34. b4 Rxc3# 0-1

[Event "AUTO-INT-1101"]
[Site "http://www.queenalice.com/game.php?id=492173"]
[Date "2008.11.12"]
[Round "1"]
[White "rockaudrey"]
[Black "MataMoscas"]
[Result "1-0"]
[WhiteElo "1733"]
[BlackElo "1696"]

1. e4 e5 2. Nf3 Qf6 3. Nc3 d6 4. d4 Bg4 5. Be2 Nc6 6. Bg5 Qg6 7. d5 Nd4 8. Qd2
Be7 9. Bxe7 Nxe7 10. Nxd4 exd4 11. Bxg4 Qxg4 12. Qxd4 Qxg2 13. O-O-O c5 14. Qe3
O-O 15. Rdg1 Nf5 16. exf5 Rae8 17. Qxe8 Rxe8 18. Rxg2 f6 19. Rhg1 Re7 20. Nb5
Re5 21. Rxg7+ Kf8 22. Rxb7 Re7 23. Rxa7 Re2 24. Rgg7 Re8 25. Rxh7 Kg8 26. Nxd6
Rd8 27. Ne4 c4 28. Nxf6+ Kf8 29. Raf7# 1-0

[Event "AUTO-INT-1101"]
[Site "http://www.queenalice.com/game.php?id=492174"]
[Date "2008.11.12"]
[Round "1"]
[White "MataMoscas"]
[Black "rockaudrey"]
[Result "0-1"]
[WhiteElo "1667"]
[BlackElo "1747"]

1. e4 c5 2. Bc4 d6 3. Bd5 Nf6 4. d4 cxd4 5. Qxd4 e6 6. Bc4 Nc6 7. Bb5 Bd7 8. Qc4
Ne5 9. Qa4 Be7 10. Nc3 O-O 11. h4 Bxb5 12. Qxb5 Qc7 13. Nf3 Nxf3+ 14. gxf3 a6
15. Qg5 Nxe4 16. Qg4 Nxc3 17. bxc3 Qxc3+ 18. Ke2 Qxa1 19. Rg1 Qe5+ 20. Kf1 Bf6
21. Bf4 Qb5+ 22. Kg2 Rac8 23. h5 Rxc2 24. h6 g6 25. Bxd6 Rd8 26. Qb4 Qxb4 27.
Bxb4 Rdd2 28. Bxd2 Rxd2 29. a3 Bd4 30. Rf1 Ra2 31. Rd1 e5 32. f4 Rxf2+ 0-1

[Event "AUTO-INT-1101"]
[Site "http://www.queenalice.com/game.php?id=492199"]
[Date "2008.11.12"]
[Round "1"]
[White "joaohumberto"]
[Black "MataMoscas"]
[Result "0-1"]
[WhiteElo "1549"]
[BlackElo "1665"]

1. d4 d5 2. c3 e6 3. Nf3 Nc6 4. Ne5 Bd6 5. Nxc6 bxc6 6. e3 Nf6 7. Be2 Ne4 8. Nd2
Qg5 9. Bf3 Ba6 10. Bxe4 dxe4 11. Nxe4 Qxg2 12. Kd2 Qxe4 13. Rg1 O-O-O 14. Qc2
Qxc2+ 15. Kxc2 Bxh2 16. Rxg7 f5 17. Rg2 Bd6 18. f4 h5 19. Bd2 h4 20. Be1 h3 21.
Rh2 Rdg8 22. Bd2 Rg3 23. Rah1 c5 24. a3 c4 25. Be1 Rxe3 26. Bd2 Rf3 27. Bc1 Bb7
28. Re1 Be4+ 29. Kd1 Rd3+ 30. Bd2 Rh4 31. Re3 Bf3+ 32. Kc2 Bxf4 33. Rxd3 cxd3+
34. Kxd3 Bxh2 35. Ke3 Bf4+ 36. Kxf3 Bxd2 37. Kg3 Rh8 38. Kh2 Bf4+ 39. Kh1 Bc1
0-1

[Event "AUTO-INT-1101"]
[Site "http://www.queenalice.com/game.php?id=492200"]
[Date "2008.11.12"]
[Round "1"]
[White "MataMoscas"]
[Black "joaohumberto"]
[Result "1-0"]
[WhiteElo "1644"]
[BlackElo "1569"]

1. e4 d5 2. Nc3 dxe4 3. Nxe4 Qd5 4. d3 Nc6 5. c4 Qd4 6. Nf3 Qd7 7. d4 h6 8. d5
Nb4 9. a3 f5 10. Ne5 Qe6 11. dxe6 Bxe6 12. Qb3 Nc6 13. Qxb7 Nxe5 14. Qxa8+ Kf7
15. Bf4 Nd3+ 16. Bxd3 g5 17. Nc5 gxf4 18. Nxe6 Kxe6 19. Qxf8 c5 20. Qg7 Nf6 21.
Qxh8 h5 22. Qc8+ Nd7 23. Bxf5+ Kf7 24. Qxd7 a5 25. O-O-O Kf8 26. Qd8+ Kf7 27.
Rd7 Kf6 28. Qf8+ Ke5 29. Re1# 1-0

[Event "Challenge"]
[Site "http://www.queenalice.com/game.php?id=495482"]
[Date "2008.11.19"]
[Round "-"]
[White "flaviovieira"]
[Black "MataMoscas"]
[Result "1-0"]
[WhiteElo "1676"]
[BlackElo "1681"]

1. e4 d5 2. e5 d4 3. d3 e6 4. Nf3 c5 5. Be2 Na6 6. O-O Ne7 7. Bg5 h6 8. Bf4 g5
9. Bd2 Nd5 10. Na3 Bg7 11. Nc4 Bf8 12. c3 b5 13. Nd6+ Ke7 14. Nxg5 hxg5 15.
Bxg5+ f6 16. cxd4 fxg5 17. dxc5 Nxc5 18. Nxb5 Bg7 19. d4 Ba6 20. Nd6 Bxe2 21.
Qxe2 Nf4 22. Qf3 Rb8 23. g3 Qf8 24. gxf4 gxf4 25. dxc5 Bxe5 26. Rae1 Qg7+ 27.
Kh1 Qh6 28. h3 Rbg8 29. Qb7+ Kf8 30. Qf7# 1-0

[Event "AUTO-OPEN-1343"]
[Site "http://www.queenalice.com/game.php?id=496435"]
[Date "2008.11.21"]
[Round "1"]
[White "MataMoscas"]
[Black "Bicolor"]
[Result "0-1"]
[WhiteElo "1620"]
[BlackElo "1222"]

1. e4 e5 2. d4 Qe7 3. d5 Nf6 4. Bg5 Qd6 5. Nc3 Be7 6. Qd3 Ng4 7. Bxe7 Qxe7 8.
Qg3 d6 9. f3 Ne3 10. Bd3 O-O 11. Qf2 Qg5 12. h4 Qf4 13. g3 Qh6 14. Nb5 Na6 15.
g4 Bxg4 16. fxg4 Nb4 17. g5 Ng4 18. gxh6 Nxf2 19. Kxf2 gxh6 20. Nxc7 Rac8 21.
Nb5 a6 22. Nxd6 Nxc2 23. Rc1 Rc5 0-1

[Event "AUTO-OPEN-1343"]
[Site "http://www.queenalice.com/game.php?id=496436"]
[Date "2008.11.21"]
[Round "1"]
[White "Bicolor"]
[Black "MataMoscas"]
[Result "0-1"]
[WhiteElo "1222"]
[BlackElo "1665"]

1. e4 d5 2. exd5 Qxd5 3. Nc3 Qe5+ 4. Qe2 Nc6 5. Nf3 Qxe2+ 6. Bxe2 e5 7. Bc4 Be6
8. d3 Nb4 9. O-O Nxc2 10. Rb1 Nb4 11. Nxe5 Nh6 12. Nb5 Bd6 13. Be3 Bxe5 14. Bxa7
Ng4 15. Rbe1 O-O-O 16. Re4 c6 17. d4 Bxc4 18. Rc1 Bxb5 19. dxe5 Nxa2 20. Rd1
Rxd1+ 0-1

[Event "AUTO-OPEN-1343"]
[Site "http://www.queenalice.com/game.php?id=496437"]
[Date "2008.11.21"]
[Round "1"]
[White "MataMoscas"]
[Black "silverado"]
[Result "0-1"]
[WhiteElo "1674"]
[BlackElo "1847"]

1. e4 e5 2. d4 exd4 3. Qxd4 Nc6 4. Qd3 Qf6 5. Nc3 Nb4 6. Qe2 Bc5 7. Nh3 h6 8.
Be3 Bd6 9. a3 Nc6 10. Nd5 Qxb2 11. Qd1 Be5 12. Rb1 Qxa3 13. Be2 a6 14. O-O b5
15. f4 Bd6 16. e5 Nxe5 17. fxe5 Bxe5 18. Bf4 Qd6 19. Bf3 c6 20. Nb6 Qxd1 21.
Rbxd1 Rb8 22. Nxc8 Bxf4 23. Nxf4 Rxc8 24. Bg4 Nf6 25. Rfe1+ Kd8 26. h3 Rc7 27.
Nh5 Nxh5 28. Bxh5 g6 29. Bf3 d5 30. c3 Kc8 31. Ra1 Kb7 32. Ra2 Kb6 33. g4 a5 34.
Kg2 a4 35. Re5 Kc5 36. Be2 Kd6 37. Re3 Kc5 38. Kf2 Kb6 39. Re5 Rf8 40. Rb2 a3
41. Ra2 Ra7 42. Re3 Rd8 43. Rf3 Rd6 44. Bd1 c5 45. Re3 d4 46. cxd4 Rxd4 47. Re8
Rxd1 48. Rh8 b4 49. Ke2 Rh1 50. Rxh6 Rh2+ 51. Kf3 Rxa2 52. Rh8 b3 53. Rb8+ Rb7
54. Rxb7+ Kxb7 55. Kf4 b2 56. Ke5 b1=Q 57. Kf6 Rf2+ 58. Kg7 Qb6 59. g5 Qe6 60.
h4 Rb2 61. Kh6 Rh2 62. h5 gxh5+ 63. Kg7 Qg6+ 64. Kf8 Qxg5 65. Kxf7 Rf2+ 66. Ke6
Rf6+ 67. Ke7 Qg7+ 68. Ke8 Rf8# 0-1

[Event "AUTO-OPEN-1343"]
[Site "http://www.queenalice.com/game.php?id=496438"]
[Date "2008.11.21"]
[Round "1"]
[White "silverado"]
[Black "MataMoscas"]
[Result "1-0"]
[WhiteElo "1844"]
[BlackElo "1652"]

1. e4 d5 2. Bd3 f6 3. Qh5+ g6 4. Qxd5 Qxd5 5. exd5 f5 6. Bc4 Nf6 7. d3 Na6 8. c3
Nc5 9. d4 Nce4 10. Bf4 Nd6 11. Bb3 h6 12. Be5 g5 13. h3 f4 14. h4 Rg8 15. Nd2
Bf5 16. f3 gxh4 17. Rh2 h3 18. Nxh3 Nh5 19. Nxf4 Nxf4 20. Bxf4 h5 21. g3 Bg6 22.
Ke2 Rh8 23. g4 Bh6 24. Be5 Rg8 25. gxh5 Bf5 26. f4 O-O-O 27. a4 a5 28. c4 b6 29.
c5 Ne4 30. Nxe4 Bxe4 31. d6 Rg3 32. Be6+ Kb7 33. dxc7 Rc8 34. cxb6 Bc6 35. Bxc8+
Kxc8 36. Rc1 Bb7 37. Rc3 Rg1 38. b3 Rb1 39. Kd3 Ba6+ 40. Ke4 e6 41. d5 exd5+ 42.
Kxd5 Rd1+ 43. Ke6 Rg1 44. Rc5 Rb1 45. Rxa5 Bb7 46. Rb5 Bc6 47. Rb4 Bb7 48. Rd2
1-0

[Event "AUTO-OPEN-1343"]
[Site "http://www.queenalice.com/game.php?id=496439"]
[Date "2008.11.21"]
[Round "1"]
[White "MataMoscas"]
[Black "ParanoidPenguin"]
[Result "0-1"]
[WhiteElo "1644"]
[BlackElo "1424"]

1. e4 e5 2. d4 exd4 3. Qxd4 Nc6 4. Qd5 Nf6 5. Qc4 d5 6. exd5 Nxd5 7. Qe4+ Be6 8.
Nh3 Nf6 9. Qe3 Nb4 10. Na3 Nfd5 11. Bd2 Nxe3 12. Bxe3 Nd5 13. Bc4 Nxe3 14. Bxe6
Bxa3 15. fxe3 Qh4+ 16. Nf2 Bxb2 17. g3 Qb4+ 18. Ke2 Bxa1 19. Rxa1 fxe6 20. Nd3
Qg4+ 21. Kd2 O-O-O 22. Kc3 a5 23. Nc5 Qb4# 0-1

[Event "AUTO-OPEN-1343"]
[Site "http://www.queenalice.com/game.php?id=496440"]
[Date "2008.11.21"]
[Round "1"]
[White "ParanoidPenguin"]
[Black "MataMoscas"]
[Result "0-1"]
[WhiteElo "1480"]
[BlackElo "1657"]

1. e4 e5 2. Nf3 d6 3. Bc4 Nc6 4. Nc3 Be6 5. Bxe6 fxe6 6. d4 exd4 7. Nxd4 e5 8.
Ne6 Qf6 9. Qg4 Qf7 10. Ng5 Qg6 11. Nb5 Kd8 12. Qe6 Qxe6 13. Nxe6+ Ke7 14. Nxf8
Kxf8 15. Nxc7 Rc8 16. Ne6+ Kf7 17. Nc5 Nb4 18. Nxb7 Rc7 19. Nxd6+ Ke6 20. Nb5
Nxc2+ 21. Kf1 Rc5 22. Rb1 Rxb5 23. Be3 Na3 0-1

[Event "AUTO-INT-933"]
[Site "http://www.queenalice.com/game.php?id=502909"]
[Date "2008.12.4"]
[Round "2"]
[White "MataMoscas"]
[Black "rockaudrey"]
[Result "0-1"]
[WhiteElo "1654"]
[BlackElo "1760"]

1. e4 c5 2. Bc4 Nc6 3. Qf3 Nf6 4. d3 d6 5. Nh3 Nd4 6. Bb5+ Nxb5 7. Ng5 Nd4 8.
Qd1 Be6 9. c3 Nb5 10. Qa4 Bd7 11. Qc4 e6 12. Na3 Qa5 13. b4 cxb4 14. cxb4 Qa4
15. Nxb5 Bxb5 16. Qc7 Be7 17. a3 Bxd3 18. Qxb7 O-O 19. Qxe7 Qc2 20. Bd2 h6 21.
Rc1 Qb2 0-1

[Event "AUTO-INT-933"]
[Site "http://www.queenalice.com/game.php?id=502910"]
[Date "2008.12.4"]
[Round "2"]
[White "rockaudrey"]
[Black "MataMoscas"]
[Result "1-0"]
[WhiteElo "1772"]
[BlackElo "1642"]

1. b3 e5 2. Bb2 e4 3. e3 d5 4. f3 Nh6 5. Bb5+ c6 6. Be2 Qg5 7. g3 Bd6 8. f4 Qf5
9. Nc3 b5 10. d3 b4 11. Na4 Ba6 12. Qd2 O-O 13. O-O-O Bb5 14. g4 Nxg4 15. Nh3
Na6 16. Rhg1 Nxh2 17. Rxg7+ Kh8 18. Rg5+ Be5 19. Bxe5+ f6 20. Rxf5 fxe5 21. Rxe5
1-0

[Event "AUTO-INT-1022"]
[Site "http://www.queenalice.com/game.php?id=523493"]
[Date "2009.1.16"]
[Round "2"]
[White "Wecker"]
[Black "MataMoscas"]
[Result "1-0"]
[WhiteElo "1762"]
[BlackElo "1631"]

1. e4 e5 2. Bc4 Nf6 3. Nf3 d5 4. Bxd5 c6 5. Bxf7+ Kxf7 6. Nxe5+ Ke8 7. d4 Nxe4
8. Qh5+ g6 9. Nxg6 Nf6 10. Qe5+ Kf7 11. Nxh8+ Kg7 12. Bg5 1-0

[Event "AUTO-INT-1022"]
[Site "http://www.queenalice.com/game.php?id=523494"]
[Date "2009.1.16"]
[Round "2"]
[White "MataMoscas"]
[Black "gordonpdx"]
[Result "0-1"]
[WhiteElo "1667"]
[BlackElo "1846"]

1. e4 e5 2. Nf3 Nc6 3. Bc4 Bc5 4. d3 Nf6 5. Bg5 d6 6. Nc3 Be6 7. Bxe6 fxe6 8.
Qe2 h6 9. Bxf6 Qxf6 10. O-O-O O-O-O 11. a3 d5 12. b4 Bd4 13. Nb5 dxe4 14. Nfxd4
exd4 15. Qxe4 e5 0-1

[Event "AUTO-INT-1022"]
[Site "http://www.queenalice.com/game.php?id=523495"]
[Date "2009.1.16"]
[Round "2"]
[White "gordonpdx"]
[Black "MataMoscas"]
[Result "1-0"]
[WhiteElo "1855"]
[BlackElo "1658"]

1. b3 e5 2. Bb2 d6 3. e3 Nh6 4. Be2 Qf6 5. Nf3 e4 6. Bxf6 exf3 7. Bxf3 gxf6 8.
O-O Bg7 9. d4 f5 10. h3 Nc6 11. Re1 O-O 12. Bxc6 bxc6 13. Nd2 c5 14. Nc4 cxd4
15. exd4 c5 16. c3 cxd4 17. cxd4 1-0